|
|
|
|
| LEADER |
00000nam a2200000 a 4500 |
| 001 |
vtls001060740 |
| 003 |
SK-MaSNL |
| 005 |
20260224013414.0 |
| 008 |
250414s1989 xo 0 slo |
| 015 |
|
|
|a SNBA1990/04
|
| 020 |
|
|
|a 8008002069
|
| 035 |
|
|
|a SNK000003568
|
| 040 |
|
|
|a SNK
|b slo
|c SNK
|e AACR2
|
| 041 |
0 |
|
|a slo
|
| 044 |
|
|
|a xo
|c SK
|
| 080 |
|
|
|a 796.011(082)
|2 1981
|
| 245 |
0 |
0 |
|a Zborník Pedagogickej fakulty v Prešove Univerzity P. J. Šafárika v Košiciach
|b Spoločenské vedy 20
|n 2. zväzok
|
| 250 |
|
|
|a 1. vyd.
|
| 260 |
|
|
|a Bratislava
|b Slovenské pedagogické nakladateľstvo
|c 1989
|e Bratislava
|f Západoslovenské tlačiarne
|
| 300 |
|
|
|a 363 s., 15,65 AH
|b Tb. Sch. Grafy.
|c 20 cm
|
| 366 |
|
|
|e 350 výtl.
|
| 500 |
|
|
|a Lit. 199. Res. rus. a nem. Schválilo MŠ SSR. 199 zázn. v slov., češ., ruš., maď. a poľ.
|
| 852 |
|
|
|a Slovenská národná knižnica
|
| 919 |
|
|
|a 80-08-00206-9
|
| 954 |
|
|
|a kultúra telesná
|
| 954 |
|
|
|a výchova telesná pozri aj kultúra telesná
|
| 958 |
|
|
|a OND
|
| 958 |
|
|
|a NB
|
| 958 |
|
|
|a TL
|
| 958 |
|
|
|a ZB
|
| 999 |
|
|
|c 790293
|d 792223
|
| 952 |
|
|
|a SNK
|b SNK
|y PREZ
|7 0
|p 17A0347501
|o snkČSC 1061/20/1987/2 D2
|i snkKSP 7068/2002
|0 0
|1 0
|4 0
|d 2002-05-21
|l 0
|r 2004-12-31 00:00:00
|w 2026-02-24
|
| 952 |
|
|
|a SNK
|b SNK
|y PREZ
|7 0
|p 17A1348991
|o snkČSC 1061/20/1987/2 D1
|i snkKSP 1686/90
|0 0
|1 0
|4 0
|d 2023-03-01
|l 0
|r 2026-02-24 01:34:14
|w 2026-02-24
|